| 000 | 00504nam a2200169 i 4500 | ||
|---|---|---|---|
| 001 | 64899 | ||
| 003 | ES-MaACL | ||
| 005 | 20230906165240.0 | ||
| 007 | t| | ||
| 008 | 040107s1969 sp ||||1| spa d | ||
| 100 | 1 |
_aFortman, Edmund J. _951872 |
|
| 245 | 1 | 0 |
_aTeología de Dios / _ccomentario por Edmund J. Fortman ; [traducción de Gregorio Gil]. |
| 260 |
_aSantander : _bSal Terrae, _c[1969] |
||
| 300 |
_a482 p. ; _c22 cm. |
||
| 700 | 1 |
_aGil, Gregorio. _956731 |
|
| 852 |
_aES-MaACL _jC-45592 _bR.72925 |
||
| 999 |
_c64899 _d64899 |
||